Statistiques concernant Paroles - Fatal Bazooka - Ce matin va être une pure soirée

Cliquez ici pour prendre le quiz!

Statistiques générales

  • Ce quiz a été pris 451 fois
  • Le résultat moyen est 320 sur 493

Statistiques - réponses

Paroles% Correct
mat'
100%
ce
99%
Et
99%
et
99%
I
99%
matin
99%
matin,
99%
un
99%
Une
99%
une
99%
être
98%
je
98%
Je
98%
pure
98%
soir
98%
soirée
98%
va
98%
que
97%
sens
95%
A
94%
a
94%
à
94%
fait
93%
de
92%
le
92%
Le
92%
En
91%
en
91%
On
91%
on
91%
La
86%
la
86%
oh
86%
oh,
86%
du
85%
me
84%
déjà
83%
heures
83%
10
82%
est
82%
81%
Tu
81%
tu
81%
son
80%
mon
79%
Mon
79%
enterrement
78%
enterrement,
78%
teuf
78%
eh
77%
Pas
77%
pas
77%
DJ
76%
DJ,
76%
fond
76%
péter
75%
samedi
75%
Samedi
75%
Pour
74%
faire
73%
nuit,
71%
nuit
71%
party
71%
party,
71%
question
71%
Tout
71%
Vas-y
71%
dans
69%
les
69%
turlute
69%
Vendredi,
69%
Fatal
68%
Fatal ?
68%
Jeudi,
68%
y
68%
attendre
67%
suis
67%
toujours
67%
Toujours
67%
toute
67%
J'ai
66%
Pourquoi
66%
fini
65%
lit
65%
au
64%
c'est
63%
rûte
63%
soit
63%
cet
61%
possible
61%
arrive
58%
Big
58%
Lundi
58%
des
57%
grand-père
57%
vient
55%
Ali
54%
mourir
54%
Bazooka
53%
go,
53%
go
53%
l'heure
53%
PZK
50%
nous
49%
venir
49%
Tokyo
48%
parti
46%
qu'à
46%
down
45%
Featuring
45%
j'suis
44%
my
44%
My
44%
pouvoir
43%
tous
43%
Yeah,
43%
bouge,
42%
let
42%
montres
42%
Ouais ?
42%
chocolat
41%
pain
41%
tard
41%
VIP
41%
boulangerie,
40%
rentre
40%
crèche
39%
danse,
38%
meufs
38%
réglées
38%
sort
38%
taf,
38%
the
38%
19
37%
garde
37%
l'after
37%
let's
37%
Let's
37%
ringard,
37%
comme
36%
goûter
36%
J'vais
36%
l'Iphone
36%
maison
36%
pars
36%
Quand
36%
vue
36%
retraite
35%
tôt,
35%
Claque
34%
culs
34%
rien
34%
sont
34%
17
33%
bizarre
33%
Ibiza
33%
Midi
33%
réveil
33%
sur
33%
tête
33%
chats
32%
s'fait
32%
God
31%
moi
31%
périph,
31%
prêt
31%
RDV
31%
fête
29%
in
29%
basket
28%
hoche
28%
besoin
27%
Chope
27%
mieux
27%
Soso
27%
auch
26%
Casquette,
26%
hey
26%
Hey
26%
j'pars
26%
théière
26%
baffes
25%
flot
25%
non
25%
Non,
25%
coule
24%
I'm
24%
lady
24%
sonne,
24%
waters
24%
you
24%
Chris
23%
sexy
23%
branche,
22%
Dogg
22%
monde
22%
taquet
22%
t'prends
22%
air
21%
d'être
20%
see
20%
See
20%
buy
19%
Prolls
19%
Put
19%
man
18%
morning
18%
hands
17%
your
17%
aux
16%
baby
16%
like
16%
tes
16%
Pousse
15%
watts
15%
aller
14%
aller,
14%
It's
14%
mains
13%
pommes
13%
ten
13%
boulangère
12%
cette
12%
cheveux
12%
Mets
12%
With
12%
club
11%
J'te
9%
Laisse
9%
laisse
9%
sandwich
9%
Everybody
8%
taurine
8%
PM
6%
stop
6%
Just
4%
Rock
4%
yawning
4%
pierre
3%
this
3%
Right
2%
Vas-vas-y
1%

Distribution des résultats

Percentile par nombre de réponses

% des personnes avec chaque résultat

Votre développement - résultats

Vous n’avez pas pris ce quiz